000 00275nam a22001337a 4500
020 _a978-0-143-33047-9
082 _a825
_bGAN/G
100 _aGANDHI, M . K
245 _aGANDHI SPEAKS
260 _aUSA
_bPUFFIN BOOKS
300 _a106
650 _aSPEAKS
_zUSA
942 _cBK
999 _c3717
_d3717